Word Ladder: Happy Ending Quiz Stats

 Plays Quiz Updated Dec 22, 2012

Support Sporcle.
Go Orange.
Score 0/46 Timer 04:00
0 Plays Today
Hint 4-Letter Word % Correct
Nat King ____COLE
89.5%
✺ PEACEFUL BIRD ✺✺ DOVE ✺
87.8%
Over withDONE
87%
'X marks the ____'SPOT
87%
✺ SHORT HORSE ✺✺ PONY ✺
85.4%
Castle ditchMOAT
84.8%
Sheltered inletCOVE
84.1%
Shopping centerMALL
84%
✺ CLAVICLE OR COCCYX, e.g. ✺✺ BONE ✺
83.2%
Revolver brandCOLT
82%
Musical soundTONE
81.6%
Milk shake alternativeMALT
81.6%
Wish forWANT
81.1%
Potter's pointerWAND
80.9%
Blair, Orlando, or Soprano, e.g.TONY
80.2%
More than halfMOST
79.8%
✺ ROOSTER ✺✺ COCK ✺
79.8%
Diminish, like the moonWANE
79.8%
Refuses toWON'T
78.4%
Chemical giant Du ____PONT
78.4%
✺ ZEPHYR OR SCIROCCO, e.g. ✺✺ WIND ✺
78.1%
Bristol cream, Port, or SherryWINE
78.1%
Drop in a mailboxPOST
78%
Hint 4-Letter Word % Correct
Poker tokenCHIP
76.9%
Pork or karate ____CHOP
76.7%
Copenhagen residentDANE
75.7%
Between ankle and kneeSHIN
75.2%
✺ ULSTER, MACKINTOSH, OR DUSTER, e.g. ✺✺ COAT ✺
74.7%
Corn breadPONE
73.8%
Shed feathersMOLT
73.8%
Whisker siteCHIN
72.4%
Hit on the headBONK
71.1%
Strong beerBOCK
62.5%
Fruit from a palm treeDATE
60.4%
Poultry palaceCOOP
59.5%
✺ GYRATE ✺✺ SPIN ✺
58.6%
Sandy promontorySPIT
55.2%
A strong air currentGALE
51.8%
Bitter liquidGALL
50.1%
✺ TURNSTILE ✺✺ GATE ✺
49.1%
InconclusiveMOOT
45.8%
LampblackSOOT
45.8%
HipCOOL
44%
LaborTOIL
35.5%
RingletCOIL
35%
✺ COMMON BOND ✺✺ TAIL ✺
19.7%

Today's Daily Dose

Word Ladder
ING Words

Get the Picture
Nearest Volcano

From the Vault

Box Office Top 50 (2000s)

by Smanoose

Movies 10m
We'd have put this sequel to the 80's and 90's out sooner, but a certain movie decided to wait until the end of the decade to make the totals for all the other movies from the 2000's look like chump change in comparison.
Remove Ads.
Support Sporcle.
Get the best of Sporcle when you Go Orange. This ad-free experience offers more features, more stats, and more fun while also helping to support Sporcle. Thank you for becoming a member.

Show Comments

Extras

Top Quizzes Today


Score Distribution

Your Account Isn't Verified!

In order to create a playlist on Sporcle, you need to verify the email address you used during registration. Go to your Sporcle Settings to finish the process.

Report this User

Report this user for behavior that violates our Community Guidelines.

Details: